00423nam a2200181Ia 4500003000400000005001700004008004100021040000700062041000800069082002100077100001000098245005000108260001600158300000700174365001300181650003100194650001600225OSt20230615114020.0210423s1971 xx 000 0 und d cAL aeng a361.3 223bIGNP aIGNOU aProfessional social work in independent india bIgnouc1971 bHB b114cINR aSocial Problems & Services aSocial Work